| 000 | 00529nam a2200145 4500 | ||
|---|---|---|---|
| 008 | 041001s1991 ch chi | ||
| 090 |
_aBV4509.C5 _b |
||
| 110 | 2 | _aShen-Dao Er-Tung Jia Editing Department | |
| 245 | 1 | 0 |
_aDays that are filled with God's glory {ch} / _cShen-Dao Er-Tung Jia Editing Department. |
| 260 |
_aTaipei: _b Shen-Dao Er-Tung Jia Magazine, _c1991. |
||
| 300 | _a127 p. | ||
| 650 | 4 | _aChristian life {ch}. | |
| 650 | 4 | _aWitnesses {ch}. | |
| 951 |
_pC-5545 _x00030371 _oBV4509.C5/ _j070613111433156 _d2000-12-21 _cCH |
||
| 999 |
_c22153 _d22153 |
||